Androidový simulátor formálnych automatov

Gespeichert in:
Bibliographische Detailangaben
1. Verfasser: Rohach, Vadym (Verfasst von)
Weitere Verfasser: Chudá, Daniela (Betreuung Doktorarbeit)
Format: Manuskript Buch
Sprache:Slowakisch
Veröffentlicht: Bratislava : STU v Bratislave FEI, 2025
Schlagworte:
Online-Zugang:https://opac.crzp.sk/?fn=detailBiblioFormChildUADHEF&sid=8D80AD18777FCC7F64B2B14DC29E&seo=CRZP-detail-kniha
Tags: Tag hinzufügen
Keine Tags, Fügen Sie das erste Tag hinzu!

MARC

LEADER 00000ntm a22000003a 4500
001 stuzp104266
003 SK-STU
005 20260127121921.1
007 ta
008 150427s2015----xo-----f-mn---000-0-slo-d
040 |a STU  |b slo 
041 0 |a slo 
044 |a xo 
100 1 |a Rohach, Vadym  |u 035000  |4 aut  |U FEI Fakulta elektrotechniky a informatiky  |T FEI Ústav informatiky a matematiky  |X 122227  |U E050  |Y 816  |7 122227 
242 0 1 |a Android simulator of formal automata  |y eng 
245 1 0 |a Androidový simulátor formálnych automatov 
260 |a Bratislava :  |b STU v Bratislave FEI,  |c 2025 
300 |a 59 s. 
650 4 |a automata  |2 slo 
650 4 |a Android  |2 slo 
650 4 |a zasobnikovy automat  |2 slo 
650 4 |a konecny automat  |2 slo 
650 4 |a simulator  |2 slo 
650 4 |a mobile app  |2 slo 
650 4 |a automaton  |2 eng 
650 4 |a Android  |2 eng 
650 4 |a pushdown automaton  |2 eng 
650 4 |a finite automaton  |2 eng 
650 4 |a simulator  |2 eng 
650 4 |a mobile app  |2 eng 
700 1 |a Chudá, Daniela  |u 035000  |k Z1  |4 ths  |U FEI Fakulta elektrotechniky a informatiky  |T FEI Ústav informatiky a matematiky  |X 38061  |U E050  |Y 816  |7 000038061 
856 4 |u https://opac.crzp.sk/?fn=detailBiblioFormChildUADHEF&sid=8D80AD18777FCC7F64B2B14DC29E&seo=CRZP-detail-kniha